000
00239nam a22001097a 4500
082
_a
531.112 HAT'A
100
_a
HAIN, KURT
_9
77001
245
_a
APPLIED KINEMATICS
260
_a
NEWYORK
_b
MCGRAW HILL
_c
1967
300
_a
727P
942
_c
BK
999
_c
582317
_d
582317